| 000 | 00536nam a2200181Ia 4500 | ||
|---|---|---|---|
| 008 | 140609s9999 xx 000 0 und d | ||
| 020 | _a9789810696566 | ||
| 050 |
_aQH 307.2 _b.B43 2010 |
||
| 100 | _aBelk, Colleen. | ||
| 245 |
_aBiology : _bscience for life / _cColleen Belk, Virginia Borden Maier |
||
| 250 | _a3rd ed. | ||
| 260 |
_aSan Francisco : _bBenjamin Cummings, _cc2010. |
||
| 300 |
_a419 p. : _bill. ; _c25 cm. |
||
| 500 | _aIncludes appendix, glossary and index. | ||
| 521 | _aGE | ||
| 942 |
_kFOR _cBK |
||
| 999 |
_c118201 _d118201 |
||